Praktické aspekty zdanenia právnických osôb v Slovenskej republike zbierka riešených a neriešených prípadov

Salvato in:
Dettagli Bibliografici
Autore principale: Kušnírová, Jana, 1977-
Altri autori: Válek, Juraj, 1981-, Androvičová, Annamária
Natura: Libro
Lingua:slovacco
Pubblicazione: Praha Wolters Kluwer 2022
Edizione:2. prepracované a aktulizované vydanie
Soggetti:
Tags: Aggiungi Tag
Nessun Tag, puoi essere il primo ad aggiungerne!!

MARC

LEADER 00000nam a2200000 4500
001 0281937
005 20240502083907.4
020 |a 978-80-7676-250-3 
041 0 |a slo 
044 |a CZ 
245 1 0 |a Praktické aspekty zdanenia právnických osôb v Slovenskej republike  |b zbierka riešených a neriešených prípadov  |c Jana Kušnírová ; recenzenti: Juraj Válek, Annamária Androvičová 
250 |a 2. prepracované a aktulizované vydanie 
264 1 |a Praha  |b Wolters Kluwer  |c 2022 
300 |a [109 s.] [5,45 AH] 
610 2 0 |a zdaňovanie 
610 2 0 |a osoby právnické 
610 2 0 |a dane z príjmov 
610 2 0 |a náklady 
610 2 0 |a náklady daňové 
610 2 0 |a odpisy daňové 
610 2 0 |a odpisy účtovné 
610 2 0 |a palivá 
610 2 0 |a rezervy 
610 2 0 |a Slovensko 
100 1 |a Kušnírová, Jana, 1977- 
700 1 |a Válek, Juraj, 1981- 
700 1 |a Androvičová, Annamária